1778 1444 1921 1673 1362 1101 1321 1013 1271 1898 1866 1493 1895 1334 1713 1553 1718 1643 1441 1463 1098 1627 1522 1948 1414 1958 1763 1630 1458 1664 1460 1661 1213 1816 1620 1457 1844 1138 1725 1157 1930 1418 1567 1350 1011 1195 1230 1650 1160 1096 1745 1499 1638 1954 1722 1501 1227 1345 1967 1819 1708 1451 1870 1381 1567 1812 1030 1901 1948 1029 1966 1321 1449 1987 1361 1395 1819 1007 1947 1719 1866 1826 1841 1564 1580 1457 1124 1739 1445 1990 1530 1876 1230 1036 1272 1691 1285 1033 1243 BCNSPRNW ULIB Ver.6.0+V

เปลี่ยนเป็นภาษาไทย

Change to English
 แสดงรายละเอียดบรรณานุกรม
  กลับหน้าหลัก

Brief Record : Get Marc (ISO 2709) : E-mail record : QR code < ปิดหน้าต่าง
LEADER : 00000nam 2200000uu 4500
001    13399122560
003     ULIB
008    130731s2554||||th 000 0 tha d
020    9789749874264
050  4 ^aHQ759.2^bส229ว
110 1  ^aสภาสังคมสงเคราะห์แห่งประเทศไทย ในพระบรมราชูปถัมภ์
245 00 ^aวันแม่แห่งชาติ 2554 /^cสภาสังคมสงเคราะห์แห่งประเทศไทย ในพระบรมราชูปถัมภ์
250    ^aพิมพ์ครั้งที่ 1
260    ^aกรุงเทพฯ :^bอมรินทร์พริ้นติ้งแอนด์พับลิชชิ่ง,^c2554
300    ^a639 หน้า :^bภาพประกอบสี
650  7 ^aรางวัลแม่ดีเด่น
650  7 ^aรางวัลลูกกตัญญู
650  7 ^aวันแม่แห่งชาติ
710 1  สภาสังคมสงเคราะห์แห่งประเทศไทย ในพระบรมราชูปถัมภ์
945    ^p0^l0^i033729
945    ^p0^l0^i033730
999    ^aเกษร โพธิ์สุวรรณ
รายการนี้ยังไม่มีแท็ก
คุณยังไม่ได้ล็อกอิน คุณสามารถมีกิจกรรมร่วมกับเว็บไซต์ได้ แต่ต้องล็อกอินก่อน ::
  ล็อกอิน

รายการสื่อสารสนเทศ

ลำดับที่ ประเภท เลขเรียก/บาร์โค้ด สถานที่ สถานะ
1. การศึกษาทั่วไป
หนังสือสำรอง
สถานะ=หนังสือสำรอง
HQ759.2 ส229ว ฉ.1 
  Barcode: 033729
ห้องสมุดวิทยาเขตสวรรค์ประชารักษ์
►หนังสือทั่วไป
บนชั้น
2. การศึกษาทั่วไป
การศึกษาทั่วไป
HQ759.2 ส229ว ฉ.2 
  Barcode: 033730
ห้องสมุดวิทยาเขตสวรรค์ประชารักษ์
►หนังสือทั่วไป
บนชั้น

รายการใกล้เคียง
    หัวเรื่อง [รางวัลแม่ดีเด่น]
    หัวเรื่อง [รางวัลลูกกตัญญู]
    หัวเรื่อง [วันแม่แห่งชาติ]

BibComment


ยังไม่เคยถูกคอมเมนท์

คอมเมนท์ทรัพยากรรายการนี้
  คอมเมนท์: วันแม่แห่งชาติ 2..


 Copyright 2026. Bcnsprnw @Library